| 000 | 01075pam a2200301 a 4500 | ||
|---|---|---|---|
| 999 |
_c1688 _d1688 |
||
| 001 | 1597003 | ||
| 003 | GZU | ||
| 005 | 20201021104823.0 | ||
| 008 | 940525s1995 maua b 001 0 eng | ||
| 010 | _a 94021884 | ||
| 020 |
_a0205156347 (acidfree paper) : _c$35.25 |
||
| 040 |
_aDLC _cDLC _dDLC |
||
| 043 | _an-us--- | ||
| 050 | 0 | 0 |
_aHV95 _b.M35 1995 |
| 082 | 0 | 0 |
_a361.973 _220 |
| 100 | 1 |
_aMehr, Joseph, _d1941- |
|
| 245 | 1 | 0 |
_aHuman services : _bconcepts and intervention strategies / _cJoseph Mehr. |
| 250 | _a6th ed. | ||
| 260 |
_aBoston : _bAllyn and Bacon, _cc1995. |
||
| 300 |
_axiii, 354 p. : _bill. ; _c25 cm. |
||
| 504 | _aIncludes bibliographical references (p. 313-340) and index. | ||
| 650 | 0 |
_aHuman services _zUnited States. |
|
| 650 | 0 |
_aSocial service _zUnited States. |
|
| 650 | 0 |
_aPublic welfare _zUnited States. |
|
| 906 |
_a7 _bcbc _corignew _d1 _eocip _f19 _gy-gencatlg |
||
| 942 |
_2lcc _cBK _e6th ed. _h95 _iMEH _kHV _m1995 |
||